• 首页
  • 本馆介绍
  • 公告通知
  • 最新文献
  • 馆藏检索
  • 电子资源
  • 读者导购
  • 参考咨询
  • 我的图书馆
  • 登录
  • 详细信息显示
  • 放入我的书架
  • 预约/预借图书
  • 作者相关作品
  • 分类相关作品
  • 丛书相关作品
  • 出版社相关作品

书目信息

  • 表格格式
  • 工作单格式
  • 卡片格式
题名:
“新基础教育”论
    
 
作者: 叶澜 著
分册:  
出版信息: 北京   教育科学出版社  2006
页数: 409页
开本: 24cm
丛书名: 世纪之交中国基础教育改革研究丛书
单 册:
中图分类: G639.21
科图分类:
主题词: 基础教育--教育改革--研究--中国 , 基础教育 , 教育改革
电子资源:
ISBN: 978-7-5041-3650-3
000 01188oam2 2200313 450
001 100428305175
005 20110224092401.04
010    @a978-7-5041-3650-3@dCNY45.00
035    @a003366842
100    @a20060104d2006 em y0chiy0110 ea
101 0  @achi
102    @aCN@b110000
105    @ay z 000yy
106    @ar
200 1  @a“新基础教育”论@9“ xin ji chu jiao yu ” lun@e关于当代中国学校变革的探究与认识@f叶澜著
210    @a北京@c教育科学出版社@d2006
215    @a409页@d24cm
225 2  @a世纪之交中国基础教育改革研究丛书
300    @a国家教育部普通高等学校人文社会科学重点研究基地华东师范大学基础教育改革与发展研究所研究项目
330    @a本书包括三编内容:当代中国教育变革的社会基础论、当代中国教育宏观变革论、当代中国基础教育学校重建论。
461  0 @12001 @a世纪之交中国基础教育改革研究丛书
517 1  @a关于当代中国学校变革的探究与认识@9guan yu dang dai zhong guo xue xiao bian ge de tan jiu yu ren shi
606 0  @a基础教育@x教育改革@x研究@y中国
606 0  @a基础教育
606 0  @a教育改革
690    @aG639.21@v4
701  0 @a叶澜@9ye lan@c(女,@f1941.12~)@4著
801  0 @aCN@bNLC@c20110224
905    @b205994833-879@h599483-87@dG639.21@e1081@f5
    
    “新基础教育”论:关于当代中国学校变革的探究与认识/叶澜著.-北京:教育科学出版社,2006
    409页;24cm.-(世纪之交中国基础教育改革研究丛书)
    国家教育部普通高等学校人文社会科学重点研究基地华东师范大学基础教育改革与发展研究所研究项目
    
    ISBN 978-7-5041-3650-3:CNY45.00
    本书包括三编内容:当代中国教育变革的社会基础论、当代中国教育宏观变革论、当代中国基础教育学校重建论。
●
相关链接 在E读中查询图书 在五车中查询图书 在当当中查询图书 在豆瓣中查询图书


正题名:"新基础教育"论     索取号:G639.21/1081         预约/预借

序号 登录号 条形码 馆藏地/架位号 状态 备注
1 599483   205994833   第一样本阅览室/ [索取号:G639.21/1081] 在馆    
2 599484   205994842   第四借阅区/ [索取号:G639.21/1081] 在馆    
3 599485   205994851   第四借阅区/ [索取号:G639.21/1081] 在馆    
4 599486   205994860   第四借阅区/ [索取号:G639.21/1081] 在馆    
5 599487   205994879   第四借阅区/ [索取号:G639.21/1081] 在馆    
唐山师范学院图书馆 欢迎您!
大连网信软件有限公司© 版权所有